LEADER 00991nam a2200229 i 4500 001 000000073631 003 CaOOAMICUS 005 20131025000000.0 008 131025s1841 it u000 u ita u 013 $a44803 040 $aSeMil$bita 100 1 $aBertrand, Giambattista.$0(OLS)http://semarc/name/36383 245 10$aAnalisi delle facoltà intellettuali e sunto logico, proposti come appendice alla grammatica generale /$cdell'avvocato Giambattista Bertrand. 260 $aMilano :$bGiuseppe Chiusi,$c1841. 300 $a150, [4] p. ;$c15 cm. 500 $aAll. [2] p. di note manoscritte. 850 $aSeMil 852 $aSeMil$W1$xVenegono$y1$m2R I 180 FA$j39783$B39783$CSeMilBibl$Z2$F39787 $8I 941 1 $a10 961 $aRecupero: Mantegazza 996 $6245$aAnalisi delle facoltà intellettuali e sunto logico, proposti come appendice alla grammatica generale$9(OLS)http://semarc/title/118887 996 $6260$aMilano :$bGiuseppe Chiusi$9(OLS)http://semarc/publisher/34807 LEADER 01064nam a2200253 i 4500 001 000000174263 003 CaOOAMICUS 005 20080825000000.0 008 080825s1972 xx u000 u fre u 013 $a151730 040 $aSeMil$bita 245 10$aMars 1646-Juillet 1675. 300 $aXXXIX, 1549 p. 490 0 $aBibliothèque de la pléiade ;$v97 500 $aFondo Ciprandi. 650 4$aEpistolari.$0(OLS)http://semarc/subject/1376 700 1 $aRabutin-Chantal, Marie : de,$c.$0(OLS)http://semarc/name/8938 773 0 $aRabutin-Chantal, Marie : de $tCorrespondance.$d[Paris] : Gallimard, copyr. 1972-copyr. 1978.$kBibliothèque de la Pléiade$g1$w()19992 830 0$aBibliothèque de la Pléiade ;$v97.$0(OLS)http://semarc/title/42418 850 $aSeMil 852 $aSeMil$W1$xVenegono$y1$m1W III 178$j125102$B125102$CSeMilBibl$Z2$F136041 $81 941 1 $a1 961 $aOmaggio: Ciprandi dott. Paolo 996 $6245$aMars 1646-Juillet 1675$9(OLS)http://semarc/title/249724